000 00747nam a22002297a 4500
003 UA-OsUOA
001 69275
007 ta
008 20100614b un ||||| |||| 00| 0 ukr d
090 _a343.9
_bИ74
942 _cBK
040 _aUA-OsUOA
_brus
_cUA-OsUOA
_dUA-OsUOA
245 _aИнформационное обеспечение противодействия организованной преступности
_bсб. науч. статей
_cред. М.Ф. Орзих
300 _a217 с.
955 _a1
041 _arus
080 _a343.9
020 _a966-8289-10-2
260 _aОдесса
_bФЕНЫКС
_c2003
650 7 _a343 Кримінальне право. Карні порушення
_2UDC
999 _c355501
_d355501